Calculus : International Edition (Record no. 2926)
| 000 -LEADER | |
|---|---|
| fixed length control field | 00948nam a22002177a 4500 |
| 003 - CONTROL NUMBER IDENTIFIER | |
| control field | OSt |
| 005 - DATE AND TIME OF LATEST TRANSACTION | |
| control field | 20160824114639.0 |
| 008 - FIXED-LENGTH DATA ELEMENTS--GENERAL INFORMATION | |
| fixed length control field | 111024t xxu||||| |||| 00| 0 eng d |
| 020 ## - INTERNATIONAL STANDARD BOOK NUMBER | |
| International Standard Book Number | 9780030969713 |
| 040 ## - CATALOGING SOURCE | |
| Transcribing agency | OC |
| 050 ## - LIBRARY OF CONGRESS CALL NUMBER | |
| Classification number | QA303.G76 1992 |
| 100 ## - MAIN ENTRY--PERSONAL NAME | |
| Personal name | Grossman, Stanley I. |
| 245 ## - TITLE STATEMENT | |
| Title | Calculus : International Edition |
| Statement of responsibility, etc | Stanley I. Grossman |
| 250 ## - EDITION STATEMENT | |
| Edition statement | 5th ed. |
| 260 ## - PUBLICATION, DISTRIBUTION, ETC. (IMPRINT) | |
| Place of publication, distribution, etc | USA: |
| Name of publisher, distributor, etc | Saunders College Publishing |
| Date of publication, distribution, etc | 1992. |
| 300 ## - PHYSICAL DESCRIPTION | |
| Extent | various pages : |
| Other physical details | ill. (some col.). |
| Dimensions | 25cm |
| 500 ## - GENERAL NOTE | |
| General note | Includes index |
| 505 ## - FORMATTED CONTENTS NOTE | |
| Formatted contents note | A precalculus review-- Fucntions, graphs and limits-- Differentiation-- Application of the derivative-- Expotential and logarithmic functions-- Integration and its application-- Techniques of integration-- Functions of several variables-- Trigonometric functions-- Probability and calculus-- Series and taylor polynomials |
| Statement of responsibility | with assistance of David C. Falvo |
| 650 ## - SUBJECT ADDED ENTRY--TOPICAL TERM | |
| Topical term or geographic name as entry element | Calculus -- Textbooks. |
| 942 ## - ADDED ENTRY ELEMENTS (KOHA) | |
| Source of classification or shelving scheme | |
| Koha item type | Book |
| Withdrawn status | Lost status | Source of classification or shelving scheme | Damaged status | Not for loan | Home library | Current library | Shelving location | Date acquired | Total Checkouts | Total Renewals | Full call number | Barcode | Date last seen | Date checked out | Copy number | Price effective from | Koha item type |
|---|---|---|---|---|---|---|---|---|---|---|---|---|---|---|---|---|---|
| Riara University Library | Riara University Library | General stack | 24/08/2016 | 1 | 1 | QA303.G76 1992 | 8030/16 | 28/11/2018 | 20/09/2018 | C.1 | 24/08/2016 | Book | |||||
| Riara University Library | Riara University Library | General stack | 18/10/2016 | 2 | QA303.G76 1992 | 8257/16 | 27/01/2025 | 15/01/2025 | C.2 | 18/10/2016 | Book | ||||||
| Riara University Library | Riara University Library | General stack | 28/03/2017 | 1 | QA303.G76 1992 | 8913/17 | 15/08/2025 | 13/12/2017 | C.3 | 28/03/2017 | Book |
